[Event "Ambalangoda Dhamso op 3rd"]
[Site "Ambalangoda"]
[Date "2013.02.24"]
[Round "7"]
[White "Jayarathne, MNG"]
[Black "Rajasurya, J."]
[Result "1-0"]
[WhiteElo "1776"]
[BlackElo "1872"]
[PlyCount "75"]
[EventDate "2013.02.21"]
[EventType "swiss"]
[EventRounds "9"]
[EventCountry "SRI"]
[SourceTitle "CBM 153 Extra"]
[Source "ChessBase"]
[SourceDate "2013.04.22"]
[SourceVersion "1"]
[SourceVersionDate "2013.04.22"]
[SourceQuality "1"]

1. d4 Nf6 2. g3 e6 3. Bg2 c5 4. Nf3 Nc6 5. 0-0 d5 6. c4 dxc4 7. Qa4 Bd7 8. Qxc4 b5 9. Qd3 Nb4 10. Qd1 Rc8 11. Nc3 Be7 12. a3 Na6 13. Ne5 cxd4 14. Qxd4 Qa5 15. Nxd7 Nxd7 16. Rd1 Nf6 17. Qxa7 Bc5 18. Qb7 0-0 19. Qxb5 Qxb5 20. Nxb5 Rb8 21. Nc3 Rfe8 22. Ne4 Be7 23. Nxf6+ Bxf6 24. Rb1 Rb3 25. Rd3 Reb8 26. Rxb3 Rxb3 27. Be4 Nc7 28. Bc2 Rb7 29. b4 Nb5 30. Kf1 Ra7 31. a4 Nd4 32. Bd1 Rb7 33. b5 Nc6 34. Bd2 h6 35. Bc2 Nb8 36. a5 Rd7 37. Be3 Bc3 38. a6 1-0

[Event "Ambalangoda Dhamso op 2nd"]
[Site "Ambalangoda"]
[Date "2012.04.23"]
[Round "9"]
[White "Jayarathne, MNG"]
[Black "Mendis, WG Chinthaka"]
[Result "1/2-1/2"]
[WhiteElo "1782"]
[BlackElo "1934"]
[PlyCount "78"]
[EventDate "2012.04.19"]
[EventType "swiss"]
[EventRounds "9"]
[EventCountry "SRI"]
[SourceTitle "CBM 148 Extra"]
[Source "ChessBase"]
[SourceDate "2012.06.22"]
[SourceVersion "1"]
[SourceVersionDate "2012.06.22"]
[SourceQuality "1"]

1. d4 Nf6 2. Nf3 e6 3. g3 d5 4. Bg2 Nbd7 5. Nbd2 c5 6. 0-0 Be7 7. c4 Nb6 8. dxc5 Bxc5 9. Nb3 Be7 10. c5 Nbd7 11. Qc2 Qc7 12. Be3 0-0 13. Rac1 Ng4 14. Bd2 Nge5 15. e4 Nxf3+ 16. Bxf3 dxe4 17. Bxe4 Nf6 18. Bg2 Bd7 19. Ba5 Qc8 20. Nd4 Nd5 21. Rfe1 Bf6 22. Nf3 b6 23. Bd2 bxc5 24. Ne5 Bxe5 25. Rxe5 Rb8 26. Bxd5 exd5 27. Rxd5 Be6 28. Rxc5 Qb7 29. b4 Bh3 30. Rc6 Rfd8 31. Be3 Rbc8 32. f3 Qxc6 33. Qxc6 Rxc6 34. Rxc6 Rd1+ 35. Kf2 Rf1+ 36. Ke2 Rh1 37. Rd6 h5 38. Rd1 Rxd1 39. Kxd1 Kf8 1/2-1/2